000 00323nam a2200133Ia 4500
008 150301s2008 xx 000 0 und d
082 _a611
_bH08G
100 _aGIREESH, GR
245 _aHUMAN GENETICS FOR NURSES
260 _bAP. JAIN & COMP.
_aDELHI
_c2008
300 _a186
650 _aHUMAN GENETICS
942 _2ddc
_cBK
999 _c6769
_d6769